书目信息 |
| 题名: |
二语习得研究方法
|
|
| 作者: | 暴丽颖 著 | |
| 分册: | ||
| 出版信息: | 北京 语文出版社 2013 |
|
| 页数: | 254页 | |
| 开本: | 21cm | |
| 丛书名: | ||
| 单 册: | ||
| 中图分类: | H003 | |
| 科图分类: | ||
| 主题词: | 第二语言--研究 , 第二语言 | |
| 电子资源: | ||
| ISBN: | 978-7-80241-486-0 | |
| 000 | 00900nam0 2200241 450 | |
| 001 | 006994086 | |
| 005 | 20140528103844.18 | |
| 010 | @a978-7-80241-486-0@dCNY25.00 | |
| 100 | @a20140108d2013 em y0chiy50 ea | |
| 101 | 0 | @achi |
| 102 | @aCN@b110000 | |
| 105 | @ay z 000yy | |
| 106 | @ar | |
| 200 | 1 | @a二语习得研究方法@9er yu xi de yan jiu fang fa@f暴丽颖著 |
| 210 | @a北京@c语文出版社@d2013 | |
| 215 | @a254页@d21cm | |
| 330 | @a本书首先以五个理论为例,分析研究范式层面的理论,从而帮助读者解决研究问题和假设方面的问题。其次,介绍五种研究者经常采用的研究设计,根据不同的研究目的设计不同的方法,决定收集数据的性质。再次,系统介绍二语习得研究收集数据和分析数据的具体方法。最后,讨论二语习得研究的信度和效度问题。 | |
| 606 | 0 | @a第二语言@x研究 |
| 606 | 0 | @a第二语言 |
| 690 | @aH003@v5 | |
| 701 | 0 | @a暴丽颖@9bao li ying@4著 |
| 801 | 0 | @aCN@bNLC@c20140207 |
| 905 | @b547744-47@dH003@e217@f4 | |
| 二语习得研究方法/暴丽颖著.-北京:语文出版社,2013 |
| 254页;21cm |
| ISBN 978-7-80241-486-0:CNY25.00 |
| 本书首先以五个理论为例,分析研究范式层面的理论,从而帮助读者解决研究问题和假设方面的问题。其次,介绍五种研究者经常采用的研究设计,根据不同的研究目的设计不同的方法,决定收集数据的性质。再次,系统介绍二语习得研究收集数据和分析数据的具体方法。最后,讨论二语习得研究的信度和效度问题。 |
| ● |
| 相关链接 |
|
|
|
|
正题名:二语习得研究方法
索取号:H003/217
 
预约/预借
| 序号 | 登录号 | 条形码 | 馆藏地/架位号 | 状态 | 备注 |
| 1 | 547744 | 205477447 | 第二样本阅览室/ [索取号:H003/217] | 在馆 | |
| 2 | 547745 | 205477456 | 密集书库-文学院/ [索取号:H003/217] | 在馆 | |
| 3 | 547746 | 205477465 | 第四借阅区/ [索取号:H003/217] | 在馆 | |
| 4 | 547747 | 205477474 | 第四借阅区/ [索取号:H003/217] | 在馆 |